000 00896nam a2200241 i 4500
001 184796
003 ES-MaACL
005 20231119154023.0
008 160111s2011 sp |||| | spa d
020 _a978-84-9946-151-9
080 _a821.134.2 Cervantes Saavedra, Miguel de 7 Quijote.07
100 1 _aCabada Gómez, Manuel.
_9157059
245 1 0 _aDel "Quijote" de risa al grave
_b: su lectura comparada /
_cManuel Cabada Gómez.
250 _a2ª ed.
260 _aMadrid :
_bEdición Personal,
_c2011.
300 _a154 p. ;
_c21 cm.
504 _aBibliografía: p. 153-[154]
600 1 4 _aCervantes Saavedra, Miguel de,
_d1547-1616.
_tDon Quijote de la Mancha
_937612
852 _aES-MaACL
_jA-13559
_9191811
_bR.150776
_cDEPO1
_dOlim: N-6559
_hDonación: Manuel Cabada Gómez
903 _9157059
_aCabada Gómez, Manuel
_ednr
942 _2udc
_cMONOGRAFIA
999 _c184796
_d184796